Crisis climática : (Registro nro. 6869)
[ vista simple ]
| 000 -LEADER | |
|---|---|
| fixed length control field | 01235nam a22002297a 4500 |
| 003 - CONTROL NUMBER IDENTIFIER | |
| control field | OSt |
| 005 - DATE AND TIME OF LATEST TRANSACTION | |
| control field | 20200921141004.0 |
| 008 - FIXED-LENGTH DATA ELEMENTS--GENERAL INFORMATION | |
| fixed length control field | 200921s2011 en ado|gr|||| 00| 0 spa d |
| 040 ## - CATALOGING SOURCE | |
| Original cataloging agency | CO-JMCR |
| Transcribing agency | CO-JMCR |
| 041 0# - LANGUAGE CODE | |
| Language code of text/sound track or separate title | spa |
| 082 04 - DEWEY DECIMAL CLASSIFICATION NUMBER | |
| Classification number | 304.28 / |
| Item number | C778c |
| Edition number | 23 |
| 110 2# - MAIN ENTRY--CORPORATE NAME | |
| Corporate name or jurisdiction name as entry element | Coordinadora Andina de Organizaciones indígenas - CAOI |
| 9 (RLIN) | 10582 |
| 245 10 - TITLE STATEMENT | |
| Title | Crisis climática : |
| Remainder of title | impactos y políticas : perspectivas y propuestas de los pueblos Indígenas Andinos |
| 250 ## - EDITION STATEMENT | |
| Edition statement | Primera edición |
| 260 ## - PUBLICATION, DISTRIBUTION, ETC. | |
| Place of publication, distribution, etc. | Lima (Perú) : |
| Name of publisher, distributor, etc. | Coordinadora Andina de Organizaciones Indígenas, CAOI, |
| Date of publication, distribution, etc. | 2011. |
| 300 ## - PHYSICAL DESCRIPTION | |
| Extent | 156 páginas : |
| Other physical details | ilustraciones, gráficos, fotografías a blanco y negro ; |
| Dimensions | 21 cm. |
| 505 0# - FORMATTED CONTENTS NOTE | |
| Formatted contents note | Negociaciones internacionales. -- Cambio climático e impactos sobre pueblos indígenas andinos. -- Planes nacionales de los Estados Andinos frente al cambio climático. -- Demandas y propuestas de los pueblos indígenas. -- Pueblos andinos: civilización y presente. -- Percepción del impacto del cambio climático |
| 650 24 - SUBJECT ADDED ENTRY--TOPICAL TERM | |
| Topical term or geographic name entry element | Cambios climáticos |
| General subdivision | Región de los Andes |
| 9 (RLIN) | 10583 |
| 650 24 - SUBJECT ADDED ENTRY--TOPICAL TERM | |
| General subdivision | Región de los Andes |
| Topical term or geographic name entry element | Indios de América del Sur |
| 9 (RLIN) | 10584 |
| 650 24 - SUBJECT ADDED ENTRY--TOPICAL TERM | |
| Topical term or geographic name entry element | Política ambiental |
| General subdivision | Región de los Andes |
| 9 (RLIN) | 10585 |
| 942 ## - ADDED ENTRY ELEMENTS (KOHA) | |
| Source of classification or shelving scheme | Dewey Decimal Classification |
| Koha item type | Books |
| Withdrawn status | Lost status | Source of classification or shelving scheme | Damaged status | Not for loan | Home library | Current library | Shelving location | Date acquired | Source of acquisition | Total Checkouts | Full call number | Barcode | Date last seen | Copy number | Price effective from | Koha item type |
|---|---|---|---|---|---|---|---|---|---|---|---|---|---|---|---|---|
| Dewey Decimal Classification | Biblioteca Pública José María del Castillo y Rada | Biblioteca Pública José María del Castillo y Rada | General Stacks | 04/15/2018 | Donación | 304.28 / C778c | 201810113 | 05/16/2024 | Ej.1 | 09/21/2020 | Books |